000 01213nam a22003377a 4500
003 OSt
005 20230830104541.0
008 221006b |||||||| |||| 00| 0 eng d
040 _cBiblioteca Lado V
082 _a708
_bM986m
110 _9159
_aMuseo de Arte y DiseƱo Contemporaneo
_eautor
245 _a2da muestra centroamericana/
_bArte emergente/
260 _bHivos
_c2006
_aCosta Rica
300 _c14.5x21.5cm
_a26p.
366 _espa
505 _tOtras emergencias en Costa Rica
505 _tActa del Jurado
505 _tArtistas destacados
505 _tMenciones
505 _tIntervenciones en el Parque Metropolitano La Sabana
505 _tActividades Paralelas
505 _tCurriculum Jurados
505 _tAlgunos Datos de la 2da muestra centroamericana de Arte Emergente
505 _t2da Muestra Centroamericana de Arte Emergente. Convocatoria
505 _tThe Jury Act
505 _tOther emergencies in Central America
650 _2Tesauro de Arte & Arquitectura
_aARTE
_9703
650 _2Tesauro de Arte & Arquitectura
_aEXHIBICION
_9702
650 _2Tesauro de Arte & Arquitectura
_aARTE EMERGENTE
_9702
942 _2ddc
_c1
_h708
_iM986m
_n0
999 _c4236
_d4236